01559nam a2200373 a 4500001001000000003000500010005001700015008004100032010001100073011001100084040000900095090001000104100003500114245014600149260004100295500006000336502007500396590003700471590004000508590004000548590004000588650003900628650004000667650004000707650003400747856001600781856007000797901000700867942001000874942000600884999001900890952014000909952013601049000113005CHAP20220329144333.0170313s2016 mx a fsm |||||||spa d a109466 a110438 cCHAP aTesis1 aAzueta Pérez, René913172710aEvaluación de genotipos en la producción de carne en un sistema de doble propósito tropical /h[En línea]cpor René Azueta Peréz. aChapingo, Méx. :bEl autor,c2016. aPara ver el contenido del material haga clic en la liga aTesis (Ing. Agr. Esp. en Zootecnia) -- UACH. Departamento de Zootecnia aBATCHb00c20181121lUCH01h0758 aE6096MTMb05c20170316lUCH01h1208 aE8697GMMb05c20170313lUCH01h1239 aE8697GMMb05c20170313lUCH01h124314aCarne de resxProducción.91922214aGanado de carnexGenética.94508414aGanado de carnexTrópicos.94511514aGanado vacunoxCruzas.945452 a1 n0000682 aFinding aiduhttp://10.13.5.2/tesis/sist113005.pdfzTeclea aquí aBK cTESIS n0 c109466d109466 00102local4053708TESISaBCbBCcPA_TESISd2017-03-13fTESISl0oTesisp33724002534835r2019-12-31 00:00:00tc.2w2019-12-31yTESIS 00104054718TESISaBCbBCd2017-03-13fTESISl0oTesisp33724002534876r2019-12-31 00:00:00w2019-12-31yTESISzRecien adquirido